<?xml version="1.0" encoding="UTF-8"?>
<record
    xmlns:xsi="http://www.w3.org/2001/XMLSchema-instance"
    xsi:schemaLocation="http://www.loc.gov/MARC21/slim http://www.loc.gov/standards/marcxml/schema/MARC21slim.xsd"
    xmlns="http://www.loc.gov/MARC21/slim">

  <leader>00800caa a22002297a 4500</leader>
  <datafield tag="999" ind1=" " ind2=" ">
    <subfield code="c">410804</subfield>
    <subfield code="d">410804</subfield>
  </datafield>
  <controlfield tag="001"> 123641 </controlfield>
  <controlfield tag="003">UA-OsUOA</controlfield>
  <controlfield tag="005">20200112122556.0</controlfield>
  <controlfield tag="007">ta</controlfield>
  <controlfield tag="008">20170629b un ||||| |||| 00| 0 ukr d</controlfield>
  <datafield tag="040" ind1=" " ind2=" ">
    <subfield code="a">UA-OsUOA</subfield>
    <subfield code="b">ukr</subfield>
    <subfield code="c">UA-OsUOA</subfield>
    <subfield code="d">UA-OsUOA</subfield>
  </datafield>
  <datafield tag="041" ind1=" " ind2=" ">
    <subfield code="a">ukr</subfield>
  </datafield>
  <datafield tag="080" ind1=" " ind2=" ">
    <subfield code="a">908</subfield>
  </datafield>
  <datafield tag="090" ind1=" " ind2=" ">
    <subfield code="a">908</subfield>
    <subfield code="b">&#x41A;72</subfield>
  </datafield>
  <datafield tag="245" ind1=" " ind2=" ">
    <subfield code="a">&#x41A;&#x43E;&#x441;&#x442;&#x44F;&#x43D;&#x442;&#x438;&#x43D; &#x41E;&#x441;&#x442;&#x440;&#x43E;&#x437;&#x44C;&#x43A;&#x438;&#x439; &#x2014; &#x433;&#x443;&#x43C;&#x430;&#x43D;&#x456;&#x441;&#x442;, &#x440;&#x435;&#x444;&#x43E;&#x440;&#x43C;&#x430;&#x442;&#x43E;&#x440;, &#x434;&#x435;&#x440;&#x436;&#x430;&#x432;&#x43E;&#x442;&#x432;&#x43E;&#x440;&#x435;&#x446;&#x44C;</subfield>
  </datafield>
  <datafield tag="300" ind1=" " ind2=" ">
    <subfield code="a">&#x421;. 6&#x2013;70</subfield>
  </datafield>
  <datafield tag="650" ind1=" " ind2="7">
    <subfield code="a">908 &#x41A;&#x440;&#x430;&#x454;&#x437;&#x43D;&#x430;&#x432;&#x441;&#x442;&#x432;&#x43E;</subfield>
    <subfield code="2">UDC</subfield>
  </datafield>
  <datafield tag="773" ind1="0" ind2=" ">
    <subfield code="0">308850</subfield>
    <subfield code="9">306389</subfield>
    <subfield code="d">&#x425;&#x43C;&#x435;&#x43B;&#x44C;&#x43D;&#x438;&#x446;&#x44C;&#x43A;&#x438;&#x439; 1997</subfield>
    <subfield code="o">76624</subfield>
    <subfield code="t">&#x421;&#x442;&#x430;&#x440;&#x43E;&#x43A;&#x43E;&#x441;&#x442;&#x44F;&#x43D;&#x442;&#x438;&#x43D;&#x456;&#x432; &#x456; &#x43A;&#x440;&#x430;&#x439; &#x432; &#x43F;&#x440;&#x43E;&#x441;&#x442;&#x43E;&#x440;&#x456; &#x447;&#x430;&#x441;&#x443;</subfield>
    <subfield code="w">(UA-OsUOA) 22628 </subfield>
  </datafield>
  <datafield tag="942" ind1=" " ind2=" ">
    <subfield code="c">BKA</subfield>
    <subfield code="2">udc</subfield>
  </datafield>
  <datafield tag="955" ind1=" " ind2=" ">
    <subfield code="a">1</subfield>
  </datafield>
</record>
